Saturday Stumper #20 - Statistics

General Stats
  • This quiz has been taken 1,981 times
  • The average score is 20 of 27
Answer Stats
Hint Answer % Correct
urp Burp
96%
udent Prudent
92%
stant Constant
88%
vent Event
88%
alth Health
87%
udent Student
87%
ifice Sacrifice
86%
alth Wealth
86%
urp Slurp
83%
tual Actual
81%
alth Stealth
81%
verage Coverage
80%
stant Instant
77%
vent Advent
76%
aid Plaid
76%
verage Beverage
73%
aid Braid
73%
verage Leverage
70%
vent Invent
64%
ifice Orifice
64%
urp Usurp
64%
tual Ritual
63%
tual Mutual
60%
aid Staid
55%
stant Distant
54%
ifice Edifice
43%
udent Impudent
28%
No matching quizzes found
Score Distribution
Percent of People with Each Score
Percentile by Number Answered
Your Score History
You have not taken this quiz